Tidal currents /

Bibliographic Details
Corporate Author: United States. National Ocean Service. Program Services Unit
Format: Government Document Book
Language:English
Published: [Rockville, Md.] : U.S. Dept. of Commerce, National Oceanic and Atmospheric Administration, National Ocean Service, [1984]
Series:Educational pamphlet (United States. National Ocean Service) ; #4.
Subjects:

MARC

Tag First Indicator Second Indicator Subfields
LEADER 00000cam a2200000 a 4500
001 in00000847653
005 20151019062751.0
008 850211s1984 mauabk b f00000 eng d
010 |a gp 85012111  
035 |a (OCoLC)11694640 
035 |9 AEC4907AM 
040 |a GPO  |c GPO  |d UtOrBLW 
043 |a n-us--- 
074 |a 191-B-5 
086 0 |a C 55.431:4/2 
245 0 0 |a Tidal currents /  |c prepared by Physical Science Services Section, Program Services Unit. 
264 1 |a [Rockville, Md.] :  |b U.S. Dept. of Commerce, National Oceanic and Atmospheric Administration, National Ocean Service,  |c [1984] 
300 |a 21 pages :  |b illustrations, 1 form, 2 maps ;  |c 28 cm. 
336 |a text  |b txt  |2 rdacontent 
337 |a unmediated  |b n  |2 rdamedia 
338 |a volume  |b nc  |2 rdacarrier 
490 1 |a Educational pamphlet ;  |v #4 
500 |a Cover title. 
500 |a "April 1984." 
504 |a Bibliography: page 21. 
650 0 |a Tidal currents  |z United States. 
710 1 |a United States.  |b National Ocean Service.  |b Program Services Unit. 
830 0 |a Educational pamphlet (United States. National Ocean Service) ;  |v #4. 
999 |a MARS 
999 f f |s 1e587df8-f318-3213-98ec-1ce7d2e1b70c  |i af3157ce-9e12-3449-95a7-4e0cebd82bd9  |t 0 
952 f f |p normal  |a Texas A&M University  |b College Station  |c Sterling C. Evans Library  |d Evans: US Documents (Annex 5th floor)  |t 0  |e C 55.431:4/2  |h Superintendent of Documents classification  |i unmediated -- volume  |m A14838299850 
998 f f |a C 55.431:4/2  |t 0  |l Evans: US Documents (Annex 5th floor)